Some basic concepts of meteorological processes and future analytical procedures in agrometeorology (Record no. 68942)

MARC details
000 -LEADER
fixed length control field 00569nam a2200121Ia 4500
100 ## - MAIN ENTRY--AUTHOR NAME
Personal name Shammi Raj
245 #0 - TITLE STATEMENT
Title Some basic concepts of meteorological processes and future analytical procedures in agrometeorology
260 ## - PUBLICATION, DISTRIBUTION, ETC. (IMPRINT)
Name of publisher In:Causes and Influences of Climate Change and Management of Weather for Sustainable Agiculture, 15 November-5 December 2006, College of Agriculture, G.B Pant University of Agriculture & Technology, Pantnagar, India. pp. 377-341.
650 ## - SUBJECT ADDED ENTRY--TOPICAL TERM
Topical Term Agrometeorology
856 ## - ELECTRONIC LOCATION AND ACCESS
Uniform Resource Identifier Copy
942 ## - ADDED ENTRY ELEMENTS (KOHA)
Koha item type Journals
Holdings
Withdrawn status Lost status Damaged status Not for loan Home library Current library Shelving location Date acquired Koha item type
      Journals RRII Library RRII Library Agrometeorology 01/01/2021 Journals